El pensamiento cristiano frente al capitalismo /
Guardado en:
| Autor Principal: | |
|---|---|
| Formato: | Libro |
| Publicado: |
Bahía Blanca :
Ediuns,
1999
|
| Series: | Docencia
|
| Materias: | |
| Etiquetas: |
Agregar Etiqueta
Sin Etiquetas, Sea el primero en etiquetar este registro!
|
| LEADER | 00804nam a22002415a 4500 | ||
|---|---|---|---|
| 001 | CEM.cems009996 | ||
| 005 | 20080630112408.0 | ||
| 008 | 130507s1999##################000#0#####d | ||
| 003 | CEMS | ||
| 020 | |a 9879281209 | ||
| 082 | 0 | 4 | |a 330.15 |
| 100 | 1 | |a López, Ricardo Vicente | |
| 245 | 1 | 0 | |a El pensamiento cristiano frente al capitalismo / |c López, Ricardo Vicente |
| 260 | |a Bahía Blanca : |b Ediuns, |c 1999 | ||
| 300 | |a 169 p. | ||
| 490 | 0 | |a Docencia | |
| 505 | 0 | |a El hombre, el trabajo y la propiedad -- La comunidad, la cultura y la liberación -- El error antropológico y la verdad sobre el hombre | |
| 653 | |a Capitalismo | ||
| 653 | |a Capitalismo y cristianismo | ||
| 653 | |a Cristianismo | ||
| 653 | |a Economía | ||
| 653 | |a Etica | ||
| 859 | |a CEMS |b BIB. CEMS - 11 de abril |h 330.15 |i L881 |p 20369.99 |t Ej.1 | ||
